[Event "4th Al Ain Chess Classic"]
[Site "Al-Ain UAE"]
[Date "2015.12.23"]
[Round "1.3"]
[White "Anurag, Mhamal"]
[Black "Kovalenko, Igor"]
[Result "0-1"]
[WhiteTitle "IM"]
[BlackTitle "GM"]
[WhiteElo "2390"]
[BlackElo "2680"]
[WhiteFideId "5024366"]
[BlackFideId "14117908"]
[EventDate "2015.12.23"]

1. Nf3 d5 2. b3 Nf6 3. Bb2 Nbd7 4. g3 e6 5. Bg2 Bd6 6. c4 O-O 7. O-O c6 8. d4
Ne4 9. Ne5 f5 10. Nd2 Nxe5 11. dxe5 Bc7 12. Nxe4 fxe4 13. f3 exf3 14. exf3 Qe7
15. Kh1 Bd7 16. f4 Rad8 17. Qc1 Ba5 18. Bc3 Bb4 19. Bxb4 Qxb4 20. f5 exf5 21.
cxd5 cxd5 22. Bxd5+ Kh8 23. Qc7 Be6 24. Bxe6 Qe4+ 25. Kg1 Rd2 26. Rf2 Rxf2 27.
Kxf2 Qd4+ 28. Kg2 Qxa1 29. Bf7 Qb2+ 30. Kh3 Qd4 31. e6 Qg4+ 32. Kg2 Qe2+ 33. Kh3
Qg4+ 34. Kg2 Qe2+ 35. Kh3 Qf1+ 36. Kh4 Qe2 0-1

[Event "4th Al Ain Chess Classic"]
[Site "Al-Ain UAE"]
[Date "2015.12.23"]
[Round "1.4"]
[White "Areshchenko, Alexander"]
[Black "Visakh N R"]
[Result "1-0"]
[WhiteTitle "GM"]
[BlackTitle "IM"]
[WhiteElo "2677"]
[BlackElo "2388"]
[WhiteFideId "14109530"]
[BlackFideId "25012223"]
[EventDate "2015.12.23"]

1. e4 e5 2. Nf3 Nf6 3. d3 Nc6 4. g3 g6 5. Bg2 Bg7 6. O-O O-O 7. Re1 d6 8. c3 Re8
9. Nbd2 a5 10. a4 h6 11. Nc4 Be6 12. Qb3 Qc8 13. Nfd2 b6 14. Nf1 d5 15. exd5
Bxd5 16. Bxd5 Nxd5 17. Nd6 cxd6 18. Qxd5 Qd7 19. Ne3 Ne7 20. Qb5 Qxb5 21. axb5
d5 22. Bd2 Rad8 23. Nc2 Nf5 24. b4 a4 25. Rxa4 Nd6 26. Ra6 e4 27. d4 Nc4 28. Bf4
g5 29. Bc7 Rc8 30. Ra7 Bf6 31. Ne3 Nxe3 32. fxe3 Bd8 33. Bd6 Re6 34. Rd7 Bf6 35.
Bc7 Kf8 36. Be5 Bxe5 37. dxe5 Rxe5 38. Rd6 d4 39. Rxd4 Rxb5 40. Rxe4 Rd5 1-0

[Event "4th Al Ain Chess Classic"]
[Site "Al-Ain UAE"]
[Date "2015.12.23"]
[Round "1.5"]
[White "Kokol, Peter"]
[Black "Shirov, Alexei"]
[Result "0-1"]
[WhiteTitle "FM"]
[BlackTitle "GM"]
[WhiteElo "2363"]
[BlackElo "2676"]
[WhiteFideId "14604523"]
[BlackFideId "2209390"]
[EventDate "2015.12.23"]

1. e4 c5 2. Nf3 Nc6 3. d4 cxd4 4. Nxd4 e5 5. Nb5 d6 6. c4 Be7 7. b3 Nf6 8. Bd3
Nd7 9. O-O Nc5 10. N1c3 a6 11. Na3 O-O 12. Nc2 Bg5 13. Ba3 Bf4 14. Nd5 Qg5 15.
Kh1 Qh6 16. g3 Bg5 17. f4 exf4 18. gxf4 Bh4 19. Rg1 f5 20. e5 b6 21. exd6 Bb7
22. Nce3 Nd4 23. Bb2 Bf6 24. Rg2 Rae8 25. Nxf6+ Rxf6 26. Nd5 Bxd5 27. cxd5 Qxf4
28. Bc4 Re4 29. Qg1 Rg6 30. Rf1 Qh4 31. Rxg6 hxg6 32. Qxg6 Rg4 33. Qe8+ Kh7 34.
Bxd4 Ne4 35. Qxe4 Rxe4 36. Bxb6 Rxc4 37. bxc4 Qxc4 38. Kg1 Qxd5 39. Bc7 g5 40.
Re1 f4 41. Kf2 Kg6 42. h3 Qxa2+ 43. Re2 Qb3 44. Ke1 Qxh3 45. Rd2 Qd7 46. Bb6 g4
47. Kf2 Qc6 0-1

[Event "4th Al Ain Chess Classic"]
[Site "Al-Ain UAE"]
[Date "2015.12.23"]
[Round "1.6"]
[White "Amin, Bassem"]
[Black "Harsha, Bharathakoti"]
[Result "1-0"]
[WhiteTitle "GM"]
[WhiteElo "2665"]
[BlackElo "2362"]
[WhiteFideId "10601457"]
[BlackFideId "5078776"]
[EventDate "2015.12.23"]

1. e4 c5 2. Nf3 e6 3. d3 Nc6 4. g3 Nf6 5. Bg2 Be7 6. O-O d6 7. Re1 O-O 8. c3 Bd7
9. a3 Rc8 10. b4 d5 11. e5 Ne8 12. h4 cxb4 13. axb4 a6 14. d4 a5 15. bxa5 Nxa5
16. Bf1 h6 17. Bd3 Qb6 18. Bc2 Nc4 19. Bxh6 gxh6 20. Qd3 f5 21. exf6 Rxf6 22.
Qh7+ Kf8 23. Nbd2 Nxd2 24. Qh8+ 1-0

[Event "4th Al Ain Chess Classic"]
[Site "Al-Ain UAE"]
[Date "2015.12.23"]
[Round "1.8"]
[White "Motylev, Alexander"]
[Black "Mammadzada, Gunay"]
[Result "1/2-1/2"]
[WhiteTitle "GM"]
[BlackTitle "WGM"]
[WhiteElo "2653"]
[BlackElo "2341"]
[WhiteFideId "4121830"]
[BlackFideId "13403729"]
[EventDate "2015.12.23"]

1. e4 c5 2. Nf3 d6 3. d4 cxd4 4. Nxd4 Nf6 5. Nc3 a6 6. Bg5 Nbd7 7. a4 Qc7 8. Be2
e6 9. a5 Be7 10. O-O O-O 11. Nb3 Nc5 12. Nxc5 Qxc5 13. Be3 Qc7 14. f4 Bd7 15.
Bd3 Bc6 16. Qe2 Rac8 17. g4 d5 18. e5 Ne4 19. Bxe4 dxe4 20. Bb6 Qb8 21. g5 f5
22. exf6 Bd6 23. Qg4 Rf7 24. Rad1 Re8 25. Bd4 e5 26. fxe5 Bxe5 27. Be3 Bxh2+ 28.
Kg2 Be5 29. Rh1 gxf6 30. g6 Rg7 31. Rh6 Qc8 32. Qh5 Qc7 33. Rh1 hxg6 34. Qe2 Qe7
35. Nd1 f5 36. Rh8+ Kf7 37. Rxe8 Qxe8 38. Nf2 f4 39. Qc4+ Qe6 40. Ng4 Bd5 41.
Nxe5+ Qxe5 42. Bxf4 Bxc4 43. Bxe5 Rg8 44. Rh8 Rxh8 45. Bxh8 Ke6 46. Kf2 Kf5 47.
Bd4 Kf4 48. Bb6 g5 49. Bc7+ Kg4 50. Bd8 Ba2 51. b4 Bb1 52. c3 Bd3 53. Ke3 Kf5
54. Be7 g4 55. Bh4 Ke5 56. Be1 Kd5 57. Kd2 Kc4 58. Bg3 Kb3 59. Be1 Kc4 60. Bg3
e3+ 61. Kxe3 Kxc3 62. Bd6 1/2-1/2

[Event "4th Al Ain Chess Classic"]
[Site "Al-Ain UAE"]
[Date "2015.12.23"]
[Round "1.9"]
[White "Bashirli, Nail"]
[Black "Efimenko, Zahar"]
[Result "0-1"]
[WhiteTitle "FM"]
[BlackTitle "GM"]
[WhiteElo "2338"]
[BlackElo "2647"]
[WhiteFideId "13406809"]
[BlackFideId "14107201"]
[EventDate "2015.12.23"]

1. e4 e5 2. Nf3 Nc6 3. Bb5 a6 4. Ba4 Nf6 5. O-O Be7 6. Re1 b5 7. Bb3 d6 8. c3
O-O 9. d4 Bg4 10. Be3 exd4 11. cxd4 Na5 12. Bc2 Nc4 13. Bc1 c5 14. b3 Nb6 15.
Nbd2 Nfd7 16. h3 Bh5 17. a4 bxa4 18. bxa4 cxd4 19. g4 Bf6 20. Rb1 Bg6 21. a5 d3
22. Bxd3 Nd5 23. exd5 Bxd3 24. Rb3 Nc5 25. Ra3 Rc8 26. Nf1 Bxf1 27. Rxf1 Re8 28.
Be3 Qd7 29. Bd4 Ne4 30. Qd3 h5 31. Bxf6 Nxf6 32. g5 Ne4 33. Kg2 Nc5 0-1

[Event "4th Al Ain Chess Classic"]
[Site "Al-Ain UAE"]
[Date "2015.12.23"]
[Round "1.10"]
[White "Anton Guijarro, David"]
[Black "Zozulia, Anna"]
[Result "1-0"]
[WhiteTitle "GM"]
[BlackTitle "IM"]
[WhiteElo "2640"]
[BlackElo "2335"]
[WhiteFideId "2285525"]
[BlackFideId "14102110"]
[EventDate "2015.12.23"]

1. d4 Nf6 2. c4 d6 3. Nf3 Nbd7 4. Nc3 e5 5. e4 g6 6. Be2 Bg7 7. O-O O-O 8. Qc2
c6 9. Rd1 Qc7 10. b3 Re8 11. Rb1 a5 12. h3 Nh5 13. Be3 Nf4 14. Bf1 Ne6 15. d5
Nd4 16. Nxd4 exd4 17. Bxd4 Bxd4 18. Rxd4 c5 19. Rdd1 Qd8 20. Qd2 g5 21. f4 gxf4
22. Qxf4 Ne5 23. Be2 Ng6 24. Qf2 Re5 25. Rf1 Qe7 26. Qf6 Bd7 27. Qxe7 Nxe7 28.
Rf6 Ra6 29. Rbf1 Be8 30. a4 Kg7 31. Nb5 Ng8 32. R6f4 Re7 33. Bh5 Rd7 34. Kh2 b6
35. Nxd6 Rxd6 36. Bxf7 Ra8 37. e5 Rg6 38. Bxg6 Bxg6 39. e6 Rd8 40. g4 Re8 41. h4
h5 42. Kg3 Rd8 43. g5 1-0

[Event "4th Al Ain Chess Classic"]
[Site "Al-Ain UAE"]
[Date "2015.12.23"]
[Round "1.11"]
[White "Arvola, Benjamin"]
[Black "Kuzubov, Yuriy"]
[Result "0-1"]
[WhiteTitle "FM"]
[BlackTitle "GM"]
[WhiteElo "2328"]
[BlackElo "2640"]
[WhiteFideId "1506536"]
[BlackFideId "14112906"]
[EventDate "2015.12.23"]

1. e4 c6 2. d4 d5 3. exd5 cxd5 4. c4 Nf6 5. Nc3 g6 6. cxd5 Bg7 7. Bb5+ Nbd7 8.
d6 exd6 9. Qe2+ Qe7 10. Qxe7+ Kxe7 11. Nf3 a6 12. Bd3 Nb6 13. O-O Be6 14. Bg5
Kd7 15. a4 h6 16. Bxf6 Bxf6 17. a5 Nd5 18. Na4 Bd8 19. Nd2 Bxa5 20. Nc4 Bc7 21.
Be4 Rab8 22. Bxd5 Bxd5 23. Nab6+ Bxb6 24. Nxb6+ Kc6 25. Na4 b6 26. Nc3 Bc4 27.
Rfc1 Kd7 28. b3 Bxb3 29. Rxa6 Rhc8 30. Ra7+ Kd8 31. Ne2 Rxc1+ 32. Nxc1 Bd5 33.
f3 b5 34. Nd3 b4 35. Ra5 Be6 36. d5 Bf5 37. Nb2 Rc8 38. g4 Bd7 39. Ra1 Rc3 40.
Rf1 Bb5 41. Rf2 Kc7 42. Kg2 b3 43. Kg3 Rc2 44. f4 Kb6 45. Nd1 Kc5 46. Rf3 Be2 0-1

[Event "4th Al Ain Chess Classic"]
[Site "Al-Ain UAE"]
[Date "2015.12.23"]
[Round "1.12"]
[White "Rakhmanov, Aleksandr"]
[Black "Kulkarni, Bhakti"]
[Result "1-0"]
[WhiteTitle "GM"]
[BlackTitle "CM"]
[WhiteElo "2640"]
[BlackElo "2328"]
[WhiteFideId "4173708"]
[BlackFideId "5019516"]
[EventDate "2015.12.23"]

1. c4 d6 2. d4 e5 3. Nf3 e4 4. Ng5 f5 5. Nh3 Nf6 6. Nc3 c6 7. Bg5 Be7 8. e3 Be6
9. Nf4 Bf7 10. h3 Ng8 11. Bxe7 Nxe7 12. d5 O-O 13. g4 Nd7 14. Be2 cxd5 15. cxd5
Nf6 16. Rg1 Qa5 17. gxf5 Nexd5 18. Nxd5 Bxd5 19. Qd4 Bc6 20. Bc4+ d5 21. Bb3
Rad8 22. O-O-O Kh8 23. Kb1 Qc7 24. Ne2 Qd7 25. Ng3 a5 26. Bc2 b5 27. Qb6 Qb7 28.
Qxa5 b4 29. Qc5 Ra8 30. Ne2 Rfc8 31. Qd4 Bb5 32. Nc1 Qc7 33. Bb3 Bd7 34. Ne2
Bxf5 35. Nf4 Qc5 36. Qe5 d4 37. Qxc5 Rxc5 38. Rxd4 Rac8 39. h4 Ng4 40. Rgd1 g5
41. hxg5 Nxf2 42. Rd8+ Rxd8 43. Rxd8+ Kg7 44. Rg8# 1-0

[Event "4th Al Ain Chess Classic"]
[Site "Al-Ain UAE"]
[Date "2015.12.23"]
[Round "1.13"]
[White "Morchiashvili, Bachana"]
[Black "Mchedlishvili, Mikheil"]
[Result "0-1"]
[WhiteTitle "IM"]
[BlackTitle "GM"]
[WhiteElo "2326"]
[BlackElo "2635"]
[WhiteFideId "13602535"]
[BlackFideId "13600966"]
[EventDate "2015.12.23"]

1. e4 c5 2. Nf3 e6 3. d4 cxd4 4. Nxd4 Nc6 5. Nc3 a6 6. Be3 Nf6 7. Bd3 Qc7 8. O-O
Ne5 9. Nf3 Nfg4 10. Nxe5 Nxe3 11. Qh5 g6 12. Qf3 Qxe5 13. fxe3 Qg7 14. e5 d5 15.
e4 Bc5+ 16. Kh1 d4 17. Ne2 O-O 18. Qf4 Bd7 19. Rad1 Rad8 20. Rf3 Bb6 21. Qg5 h6
22. Qg3 Bc7 23. Rf6 Qxf6 24. exf6 Bxg3 25. hxg3 e5 0-1

[Event "4th Al Ain Chess Classic"]
[Site "Al-Ain UAE"]
[Date "2015.12.23"]
[Round "1.14"]
[White "Edouard, Romain"]
[Black "Mammadova, Gulnar"]
[Result "1-0"]
[WhiteTitle "GM"]
[BlackTitle "WGM"]
[WhiteElo "2627"]
[BlackElo "2323"]
[WhiteFideId "633429"]
[BlackFideId "13403508"]
[EventDate "2015.12.23"]

1. c4 e6 2. g3 f5 3. Bg2 Nf6 4. Nf3 Be7 5. O-O O-O 6. d4 d5 7. Nc3 c6 8. Qc2 Bd6
9. Rb1 a5 10. a3 Qe7 11. Bg5 h6 12. Bf4 Bd7 13. Bxd6 Qxd6 14. c5 Qe7 15. b4 axb4
16. axb4 Ne4 17. Na4 Be8 18. Nb6 Ra6 19. Ne5 Qd8 20. Bxe4 fxe4 21. f3 exf3 22.
exf3 Nd7 23. Nbxd7 Bxd7 24. Ra1 Be8 25. Rxa6 bxa6 26. Ra1 Qc8 27. Qa4 Qb7 28.
Qa5 Bh5 29. Qb6 Qe7 30. Qxa6 Bxf3 31. Rf1 Be4 32. Rxf8+ Qxf8 33. Qxc6 Qf5 34.
Qe8+ Kh7 35. Qf7 Qh3 36. Qf1 Qh5 37. b5 Qg5 38. Qe1 Qd8 39. Ng4 Qa8 40. Nf2 1-0

[Event "4th Al Ain Chess Classic"]
[Site "Al-Ain UAE"]
[Date "2015.12.23"]
[Round "1.15"]
[White "Asadli, Vugar"]
[Black "Hovhannisyan, Robert"]
[Result "0-1"]
[WhiteTitle "FM"]
[BlackTitle "GM"]
[WhiteElo "2323"]
[BlackElo "2624"]
[WhiteFideId "13405764"]
[BlackFideId "13302507"]
[EventDate "2015.12.23"]

1. e4 c6 2. Nf3 d5 3. exd5 cxd5 4. c4 Nf6 5. cxd5 Nxd5 6. Nc3 Nc6 7. Bb5 e6 8.
O-O Be7 9. d4 O-O 10. Re1 Bd7 11. Bd3 Ncb4 12. Bb1 Nf6 13. Ne5 Be8 14. a3 Nc6
15. Be3 Nxe5 16. dxe5 Qxd1 17. Rxd1 Ng4 18. Bd4 Bc6 19. f3 Rfd8 20. Kf1 Nh6 21.
Be4 Nf5 22. Bf2 h5 23. Ke2 g5 24. Rxd8+ Bxd8 25. Rd1 Bc7 26. Bxc6 bxc6 27. g4
hxg4 28. fxg4 Nh4 29. Ne4 Ng6 30. Rd7 Bb6 31. Bg3 Rd8 32. Rb7 Nf4+ 33. Bxf4 gxf4
34. Nd6 Bc5 35. Nxf7 f3+ 36. Kxf3 Rf8 37. Ke4 Rxf7 38. Rb8+ Rf8 39. Rb7 Rf7 40.
Rb8+ Rf8 41. Rb7 Rd8 42. Kf4 Rd5 43. b4 Bd4 44. Kg5 Rxe5+ 45. Kg6 Kf8 46. g5 Re4
47. Rc7 Rh4 48. Rxc6 Ke7 49. Rc2 Be5 50. Rf2 Bd4 51. Rg2 e5 52. Kf5 Rf4+ 53. Kg6
e4 0-1

[Event "4th Al Ain Chess Classic"]
[Site "Al-Ain UAE"]
[Date "2015.12.23"]
[Round "1.16"]
[White "Kravtsiv, Martyn"]
[Black "Gadimbayli, Abdulla"]
[Result "1-0"]
[WhiteTitle "GM"]
[BlackTitle "FM"]
[WhiteElo "2623"]
[BlackElo "2320"]
[WhiteFideId "14113147"]
[BlackFideId "13404938"]
[EventDate "2015.12.23"]

1. e4 e6 2. d4 d5 3. Nc3 Bb4 4. e5 c5 5. a3 Bxc3+ 6. bxc3 Ne7 7. Nf3 Qa5 8. Bd2
Qa4 9. Qb1 c4 10. g3 Nbc6 11. Bh3 b6 12. O-O Bd7 13. Nh4 O-O-O 14. Re1 h6 15.
Ng2 Kc7 16. Qc1 Kb7 17. Ra2 Rc8 18. Ne3 Nxd4 19. cxd4 c3 20. Rd1 cxd2 21. Qxd2
Bb5 22. Rb1 Bc4 23. Rb4 Qa5 24. Ra1 Ba6 25. c3 Nc6 26. Qd1 b5 27. Rb3 Qa4 28.
Qb1 Ka8 29. Nc2 Qa5 30. Bf1 Rb8 31. Nb4 Bb7 32. Nd3 Qc7 33. Qd1 Na5 34. Rxb5 Ba6
35. Rc5 Qb6 36. Qg4 Nb7 37. Nb4 Bxf1 38. Rc6 Qd8 39. Rxf1 Na5 40. Rc5 Rg8 41.
Qf3 Rb7 42. Rb1 Nc4 43. Rd1 Qd7 44. Rxc4 dxc4 45. d5 exd5 46. Rxd5 Qa4 47. Rd6
Rc8 48. Nc6 Qxa3 49. Nd8 Qb2 50. Rd7 Qb1+ 51. Kg2 1-0

[Event "4th Al Ain Chess Classic"]
[Site "Al-Ain UAE"]
[Date "2015.12.23"]
[Round "1.17"]
[White "Oleksiyenko, Mykhaylo"]
[Black "Pirverdiyev, Agil"]
[Result "1-0"]
[WhiteTitle "GM"]
[WhiteElo "2616"]
[BlackElo "2311"]
[WhiteFideId "4152417"]
[BlackFideId "13400568"]
[EventDate "2015.12.23"]

1. e4 c5 2. Nf3 d6 3. d4 cxd4 4. Nxd4 Nf6 5. Nc3 a6 6. Be2 e6 7. O-O Be7 8. f4
O-O 9. Kh1 Nc6 10. Nxc6 bxc6 11. e5 dxe5 12. fxe5 Nd7 13. Bf4 Qc7 14. Qd4 c5 15.
Qe3 Bb7 16. Qg3 Kh8 17. Nd1 g5 18. Bd2 Nxe5 19. Bc3 f6 20. Ne3 Bd6 21. Rad1 Kg8
22. Ng4 Nxg4 23. Rxd6 h5 24. h3 h4 25. Qd3 1-0

[Event "4th Al Ain Chess Classic"]
[Site "Al-Ain UAE"]
[Date "2015.12.23"]
[Round "1.18"]
[White "Danielyan, Vahe"]
[Black "Gupta, Abhijeet"]
[Result "1/2-1/2"]
[BlackTitle "GM"]
[WhiteElo "2307"]
[BlackElo "2613"]
[WhiteFideId "13304828"]
[BlackFideId "5010608"]
[EventDate "2015.12.23"]

1. e4 c5 2. Nc3 d6 3. Nge2 Nc6 4. g3 g6 5. Bg2 Bg7 6. O-O e6 7. d3 Nge7 8. Bg5
O-O 9. Qd2 Re8 10. Rae1 Rb8 11. Bh6 Bh8 12. f4 Nd4 13. g4 f5 14. gxf5 exf5 15.
Nxd4 Bxd4+ 16. Kh1 Be6 17. Bg5 Qd7 18. Nd1 Nc6 19. e5 c4 20. c3 Bb6 21. d4 dxe5
22. fxe5 Bd8 23. Bf4 Bh4 24. Bg3 Bxg3 25. hxg3 Rbd8 26. Qg5 Qg7 27. Ne3 h6 28.
Qh4 Ne7 29. Bxb7 Rb8 30. Bg2 Rxb2 31. d5 Rxg2 32. Kxg2 Nxd5 33. Qd4 Rd8 34. Kg1
Rd7 35. Nxc4 Nb4 36. Nd6 Nc2 37. Qf4 Nxe1 38. Rxe1 Re7 39. c4 Kh7 40. c5 Bd5 41.
Qa4 Qg8 42. a3 Qb8 43. Qd4 Qb3 44. Qe3 Qc2 45. Qf2 Qa4 46. e6 Ba8 47. Kh2 Qc6
48. g4 fxg4 49. Re4 Qd5 50. Qf6 Qd2+ 51. Kg3 Rg7 52. Ne8 Qd3+ 53. Kh2 Qc2+ 54.
Kg3 Qd3+ 55. Kh2 Rb7 56. Rb4 Qe2+ 57. Kg3 Qe3+ 58. Kxg4 Rxb4+ 59. axb4 h5+ 60.
Kh4 Qe1+ 61. Kh3 Qe3+ 62. Kh4 Qe1+ 63. Kh3 Qe3+ 64. Kh4 g5+ 65. Qxg5 Qe1+ 66.
Qg3 Qxb4+ 67. Kh3 Qd4 68. c6 Qg4+ 69. Qxg4 hxg4+ 70. Kxg4 1/2-1/2

[Event "4th Al Ain Chess Classic"]
[Site "Al-Ain UAE"]
[Date "2015.12.23"]
[Round "1.19"]
[White "Onischuk, Vladimir"]
[Black "Nitish, Belurkar"]
[Result "1-0"]
[WhiteTitle "GM"]
[BlackTitle "CM"]
[WhiteElo "2612"]
[BlackElo "2304"]
[WhiteFideId "14114038"]
[BlackFideId "5084768"]
[EventDate "2015.12.23"]

1. e4 d6 2. d4 Nf6 3. Nc3 e5 4. Nf3 exd4 5. Nxd4 Be7 6. g3 O-O 7. Bg2 Re8 8. O-O
Bf8 9. Re1 g6 10. h3 Nbd7 11. g4 c6 12. Bf4 Ne5 13. Bg3 Qb6 14. b3 Bg7 15. Qd2
h5 16. Na4 Qd8 17. g5 Nh7 18. f4 Nd7 19. Rad1 b5 20. Nxc6 Qc7 21. e5 d5 22. Qxd5
bxa4 23. e6 fxe6 24. Rxe6 Rxe6 25. Qxe6+ Kf8 26. Bf2 Bb2 27. Qxg6 1-0

[Event "4th Al Ain Chess Classic"]
[Site "Al-Ain UAE"]
[Date "2015.12.23"]
[Round "1.20"]
[White "Kurbonboeva, Sarvinoz"]
[Black "Volkov, Sergey"]
[Result "0-1"]
[WhiteTitle "WIM"]
[BlackTitle "GM"]
[WhiteElo "2295"]
[BlackElo "2612"]
[WhiteFideId "14201780"]
[BlackFideId "4122763"]
[EventDate "2015.12.23"]

1. d4 d5 2. c4 e6 3. Nc3 c6 4. e3 f5 5. Nf3 Nf6 6. Bd3 Bd6 7. b3 Ne4 8. Bb2 Nd7
9. Qc2 O-O 10. O-O-O a5 11. Ne5 Nxe5 12. dxe5 Bxe5 13. Nxe4 Bxb2+ 14. Qxb2 fxe4
15. Bxe4 a4 16. Bb1 axb3 17. axb3 Qe7 18. f4 dxc4 19. bxc4 e5 20. fxe5 Ra5 21.
Rhf1 Rxf1 22. Rxf1 Rxe5 23. e4 Rc5 24. Qd4 Be6 25. Ba2 h6 26. Rd1 b5 27. Qd8+
Qxd8 28. Rxd8+ Kf7 29. Kd2 Bxc4 30. Bxc4+ Rxc4 31. Kd3 c5 32. Rb8 Rd4+ 33. Ke3
b4 34. Kf4 Ke6 35. Rb6+ Kd7 36. Kf5 Rd6 37. Rb7+ Kc6 38. Rb8 Rf6+ 39. Ke5 Rf7
40. Ke6 Rb7 41. Rc8+ Kb6 0-1

[Event "4th Al Ain Chess Classic"]
[Site "Al-Ain UAE"]
[Date "2015.12.23"]
[Round "1.21"]
[White "Pashikian, Arman"]
[Black "Hojjatova, Aydan"]
[Result "1-0"]
[WhiteTitle "GM"]
[BlackTitle "WFM"]
[WhiteElo "2606"]
[BlackElo "2288"]
[WhiteFideId "13301578"]
[BlackFideId "13401491"]
[EventDate "2015.12.23"]

1. d4 Nf6 2. Nf3 e6 3. c4 d5 4. g3 dxc4 5. Bg2 c5 6. O-O Nc6 7. dxc5 Qxd1 8.
Rxd1 Bxc5 9. Nbd2 c3 10. bxc3 O-O 11. Ne1 Rd8 12. Nd3 Be7 13. Rb1 Nd5 14. Bb2 f6
15. Ba1 Rb8 16. c4 Ndb4 17. c5 Na6 18. f4 Bd7 19. Rdc1 Be8 20. Ne4 Nc7 21. Kf2
Nd5 22. Bh3 Nc7 23. Rd1 Bg6 24. Bg2 Na6 25. Rdc1 Be8 26. g4 Nd4 27. Ke3 Nc6 28.
g5 1-0

[Event "4th Al Ain Chess Classic"]
[Site "Al-Ain UAE"]
[Date "2015.12.23"]
[Round "1.22"]
[White "Iniyan, P"]
[Black "Iordachescu, Viorel"]
[Result "1/2-1/2"]
[BlackTitle "GM"]
[WhiteElo "2275"]
[BlackElo "2600"]
[WhiteFideId "25002767"]
[BlackFideId "13900200"]
[EventDate "2015.12.23"]

1. d4 Nf6 2. c4 e6 3. Nc3 Bb4 4. Qc2 O-O 5. a3 Bxc3+ 6. Qxc3 d6 7. Bg5 Nbd7 8.
e3 b6 9. Bd3 c5 10. Ne2 Ba6 11. b4 cxd4 12. Qxd4 Ne5 13. O-O h6 14. Bh4 Rc8 15.
Rac1 Qe7 16. Rfd1 Rfd8 17. b5 Bb7 18. Bb1 Rc5 19. f4 Ng6 20. Bxf6 Qxf6 21. Qxf6
gxf6 22. Nd4 Ne7 23. Nb3 Rc7 24. a4 f5 25. a5 Rdd7 26. axb6 axb6 27. Kf2 Kf8 28.
h3 h5 29. g3 Ng8 30. e4 fxe4 31. g4 hxg4 32. hxg4 Nf6 33. g5 Nh5 34. Ke3 Ng3 35.
Nd4 e5 36. fxe5 dxe5 37. Nc6 Bxc6 38. bxc6 Rxd1 39. Rxd1 Rxc6 40. Rg1 Nh5 41.
Kxe4 Rc5 42. Bd3 Nf4 43. Rb1 Ne6 44. g6 Ng5+ 45. Ke3 Rc6 46. gxf7 Kxf7 47. Be4
Nxe4 48. Kxe4 Ke6 49. Rb5 Rxc4+ 50. Ke3 Rc6 51. Ke4 Kd6 52. Rxe5 Rc1 53. Rb5 Kc6
54. Rb2 Kc5 55. Kd3 b5 56. Kd2 Rc4 57. Kd3 Rc1 58. Kd2 Rc4 59. Kd3 Rh4 60. Rg2
Kb4 61. Kc2 Ka3 62. Rg8 Rh2+ 63. Kb1 Rh1+ 64. Kc2 Rh2+ 65. Kb1 b4 66. Rg3+ b3
67. Rg1 Rb2+ 68. Ka1 Rd2 69. Kb1 Re2 70. Rh1 Re3 71. Rg1 b2 72. Rh1 Kb3 1/2-1/2

[Event "4th Al Ain Chess Classic"]
[Site "Al-Ain UAE"]
[Date "2015.12.23"]
[Round "1.23"]
[White "Adly, Ahmed"]
[Black "Safranska, Anda"]
[Result "1-0"]
[WhiteTitle "GM"]
[BlackTitle "WGM"]
[WhiteElo "2598"]
[BlackElo "2259"]
[WhiteFideId "10601619"]
[BlackFideId "11600209"]
[EventDate "2015.12.23"]

1. d4 d6 2. Nf3 g6 3. g3 Bg7 4. Bg2 Nf6 5. c4 O-O 6. O-O Nc6 7. Nc3 Rb8 8. Re1
Re8 9. Rb1 a6 10. b4 e6 11. b5 axb5 12. cxb5 Ne7 13. e4 b6 14. Qc2 Bb7 15. a4 h6
16. h3 Kh7 17. Be3 Nd7 18. Rec1 Ra8 19. Na2 Rc8 20. Nd2 c5 21. bxc6 Nxc6 22. Qd3
Na5 23. Nc3 Qe7 24. Nb5 d5 25. exd5 Rxc1+ 26. Rxc1 Bxd5 27. Rc7 Rd8 28. Ne4 Qb4
29. Ned6 Kg8 30. Bxd5 exd5 31. Bd2 Qb3 32. Qe2 Bf8 33. Bxa5 bxa5 34. Nb7 1-0

[Event "4th Al Ain Chess Classic"]
[Site "Al-Ain UAE"]
[Date "2015.12.23"]
[Round "1.24"]
[White "Abdulla, Khayala"]
[Black "Pantsulaia, Levan"]
[Result "0-1"]
[WhiteTitle "WGM"]
[BlackTitle "GM"]
[WhiteElo "2256"]
[BlackElo "2598"]
[WhiteFideId "13401807"]
[BlackFideId "13602071"]
[EventDate "2015.12.23"]

1. e4 c5 2. Nf3 a6 3. c4 e6 4. Nc3 Qc7 5. Be2 Nc6 6. O-O Nd4 7. d3 Bd6 8. h3 Ne7
9. Be3 Nec6 10. Ne1 O-O 11. f4 b5 12. e5 Be7 13. Nf3 Bb7 14. Rc1 Qb6 15. b3 f6
16. exf6 gxf6 17. Ne4 f5 18. Ned2 Nb4 19. a3 Nbc6 20. Qe1 Rf7 21. Kh2 Qa5 22.
cxb5 Qxb5 23. a4 Qa5 24. Bd1 Rg7 25. Rg1 Rb8 26. Qf2 Bf6 27. Nc4 Qc7 28. Nce5
Nxe5 29. Nxe5 Qb6 30. Rc4 Bd5 31. Rc3 d6 32. Bxd4 cxd4 33. Nc4 Qb4 34. Rc1 Kh8
35. Bf3 Bxf3 36. Qxf3 Rbg8 37. Rb1 d5 38. Ne5 Qd2 39. Rbe1 Bh4 40. Re2 Bg3+ 41.
Kh1 Qxf4 42. Qh5 Rf8 43. Nf3 Qd6 44. Nxd4 Rg6 45. Rf1 Rff6 46. Rc2 Qb4 47. Nf3
Kg7 48. Rfc1 Qe7 49. Ng5 h6 50. Nf3 Bf4 51. Rf1 Qb4 52. Rc6 Qxb3 53. Nh4 Qxa4
54. Nxg6 Rxg6 55. Rb6 Bc7 56. Rbb1 Rf6 57. Qf3 Qe8 0-1

[Event "4th Al Ain Chess Classic"]
[Site "Al-Ain UAE"]
[Date "2015.12.23"]
[Round "1.25"]
[White "Azarov, Sergei"]
[Black "Ismael, Namir Mohammed Ismael"]
[Result "1-0"]
[WhiteTitle "GM"]
[BlackTitle "CM"]
[WhiteElo "2595"]
[BlackElo "2254"]
[WhiteFideId "13501470"]
[BlackFideId "4800800"]
[EventDate "2015.12.23"]

1. e4 c5 2. Nf3 Nc6 3. Bb5 g6 4. Bxc6 dxc6 5. h3 Bg7 6. d3 Nf6 7. Nc3 O-O 8. Be3
Nd7 9. Qd2 e5 10. Bh6 Re8 11. Bxg7 Kxg7 12. O-O-O Nf8 13. Qe3 Qe7 14. Kb1 f6 15.
Ne2 Be6 16. g4 Nd7 17. g5 f5 18. exf5 Bxf5 19. Ng3 Rf8 20. Nd2 Rae8 21. Rde1 Be6
22. Nge4 Rf4 23. Nc4 Bxc4 24. dxc4 b6 25. h4 Ref8 26. h5 Qe6 27. b3 Rf3 28. Qd2
R8f7 29. Rh4 Rh3 30. h6+ Kh8 31. Rxh3 Qxh3 32. Qd6 Qf3 33. Qxc6 Nf8 34. Qe8 Kg8
35. Qxe5 1-0